Return of The Jedi (1983) Characters - Statistics

General Stats
  • This quiz has been taken 158 times
  • The average score is 11 of 12
Answer Stats
Hint Answer % Correct
Harrison Ford Han Solo
100%
Mark Hamill Luke Skywalker
100%
Carrie Fisher Princess Leia
100%
James Earl Jones Darth Vader
99%
Anthony Daniels C-3PO
95%
Peter Meyhew Chewbacca
95%
Alec Guinness Ben Kenobi
94%
Billy Dee Williams Lando Calrissian
94%
Kenny Baker R2-D2
94%
Ian McDiarmid The Emperor
91%
Frank Oz Yoda
90%
Warwick Davis Wicket
75%
No matching quizzes found
Score Distribution
Percent of People with Each Score
Percentile by Number Answered
Your Score History
You have not taken this quiz